01017nam a2200253 a 4500001001000000003000500010005001700015008004100032010001100073011001100084040000900095100003200104245019800136260004100334500006000375502009800435650003100533650002600564650003000590650002600620700003100646856001600677856007000693000111987CHAP20220329144240.0151112s2015 mx a fsm |||||||spa d a108448 a109420 cCHAP1 aMacías Martínez, Marcos10aHuella hídrica azul en cártamo (Carthamus tinctorius L) del DDR-139, Caborca, Sonora vs DDR-33 Los Mochis, Sinaloah[En línea]cpor Marcos Macías Martínez y Enrique Alvarado Chávez. aChapingo, Méx. :bEl autor,c2015. aPara ver el contenido del material haga clic en la liga aTesis (Ing.en Sistemas Agricolasnto) -- UACH. Unidad Regional Universitaria de Zonas Áridas14aAzafrancilloxRendimiento.14aAzafrancilloxSonora.14aIndicadores económicos.14aIndicadores sociales.1 aAlvarado Chávez, Enrique a1 n0000253 aFinding aiduhttp://10.13.5.2/tesis/sist111987.pdfzTeclea aquí